| 000 | 00602nam a22001457a 4500 | ||
|---|---|---|---|
| 005 | 20240313025953.0 | ||
| 008 | 240313b |||||||| |||| 00| 0 eng d | ||
| 020 | _a9559447017 | ||
| 082 |
_222 _a323.4. _bTHE. |
||
| 245 |
_aA Tamil heroine unmourned & The sociology of obfuscation _cUniversity teachers for Human Rights ( Jaffna) |
||
| 260 |
_aJaffna : _bUniversity Techers for Human Rights ( Jaffna) / _c1998. |
||
| 300 | _aiv, 91 p.,[[[[[[[[[[[[[[[[[[[[[[[[[[[[[[[[[[[[[[[[[[[[[[[[[[[[[[[[[[[[[[[[[[[[[[[[[[[[[[[[[[[[[[[[[[[[[[[[[[[[[[[[[[[[[[[[[[[[[[[[[[[[[[[[[[[[[ | ||
| 650 | _apolitical | ||
| 942 | _cL | ||
| 999 |
_c569 _d569 |
||